Statistics for Countries that touch the Sea on a border with Russia

Click here to take the quiz!

General Stats

  • This quiz has been taken 80 times
  • The average score is 9 of 10

Answer Stats

Country % Correct
Finland
97%
North Korea
93%
Estonia
92%
Kazakhstan
90%
Lithuania
90%
Ukraine
90%
Azerbaijan
88%
Norway
88%
Poland
88%
Georgia
86%

Score Distribution

Percentile by Number Answered

Percent of People with Each Score

Your Score History

You have not taken this quiz